[Event "Match 79__120'/40"]
[Site "Zürich"]
[Date "2024.??.??"]
[Round "1"]
[White "Mephisto Explorer Pro"]
[Black "Mephisto Polgar sel. 5"]
[Result "1-0"]
[WhiteElo "2013"]
[BlackElo "1981"]
[Annotator "Utzinger,K"]
[PlyCount "104"]
[EventDate "2024.10.21"]
[EventType "match"]
[SourceVersionDate "2024.10.21"]

{[%evp 0,104,21,21,48,36,30,17,51,38,36,47,43,52,63,18,27,9,8,17,50,14,44,41,3,10,8,24,15,10,1,-29,-23,-92,-88,-81,-98,-87,-87,-138,-155,-145,-126,-129,-127,-113,-91,-110,-46,-57,-53,18,27,-9,107,53,64,32,32,14,14,-38,219,131,146,78,131,-69,-81,-83,90,99,172,130,120,213,252,263,285,279,418,55,309,263,305,315,289,391,452,471,469,565,561,576,588,588,588,421,573,597,598,608,615,615,615,640,759]} 1. e4 {https://www.schachcomputer.info/forum/showpost.php?p=129081&postcount=17} e6 {Match 120'/40 | Bediener: Rolf Bühler | 1. Partie: Weiss (Explorer Pro) gewinnt | Zwischenstand: 1-0 (100%) für Mephisto Explorer Pro; hypothetisch: 0-1 (100%) für Mephisto Polgar | Eröffnung: Französische Verteidigung, Klassisches System 6.Lxe7 Dxe7 | Eine Partie, in der beide Programme ab Ende der Eröffnung mehr schlecht als recht zurechtkommen und die geprägt ist von einem wechselhaften Auf und Ab. Der Mephisto Explorer Pro produziert drei (3) Verlustzüge, 16.Dg5? 19.Te2? und 33.De3+?, während der Mephisto Polgar es auf fünf (5) Verlustzüge bringt: 26...g5?, 27...Le6?, 28...Sd8?, 30...a6? und 35...Kg7?. Und erst dieser Königszug liess sich dann nicht mehr reparieren. Von einem verdienten Sieg für das holländische Programm von Frans Morsch kann somit keine Rede sein.} 2. d4 d5 3. Nc3 Nf6 4. Bg5 Be7 5. e5 Nfd7 6. Bxe7 Qxe7 7. f4 O-O 8. Nf3 c5 9. Bd3 {Mit der tödlichen Drohung 10.Lxh7+.} f5 10. exf6 {***ENDE BUCH*** Bewertung Stockfish 17: = (0.10) (51%) Depth: 46/64} Rxf6 {***ENDE BUCH*** Bewertung Stockfish 17: = (0.24) (52%) Depth: 46/59} 11. g3 cxd4 12. Nxd4 Nc6 13. Nb3 Nc5 14. Nxc5 Qxc5 15. Qh5 g6 {[#]} 16. Qg5 $2 $19 {[%mdl 2] ***VERLUSTZUG Nr. 1*** von Weiss. Ein "dummer" Zug, so dass nun Schwarz deutlich Vorteil erhält, bzw. gewinnen sollte.} Qe3+ {Nun geht 17.Kf1? e5! -+ natürlich nicht.} 17. Kd1 {Keine Rochade mehr möglich und eine blöd in der Landschaft herumstehende Dame ist das Ergebnis des schlechten Spiels von Weiss. Die Engines attestieren Schwarz bereits einen wohl schon entscheidenden Vorteil von -+ (-2.49) (-+ 0%).} Rf7 $2 {Deutlich schwächer als das logische 17...Kg7, was der weissen Dame auch das Feld h6 abspenstig macht.} (17... Kg7 18. Re1 Qf2 19. Rf1 (19. Re2 Qg1+ 20. Re1 Qxh2 $19) 19... Qxh2 $19 {Schwarz hat bei viel besserer Stellung einen Bauern mehr und dem Weissen stehen keine guten Züge zur Verfügung und auch die Verbindung der Türme ist nicht möglich.}) 18. Re1 Qf2 $15 {[#]} 19. Re2 $2 $19 {[%mdl 2] VERLUSTZUG Nr. 2 für Weiss: Richtig war 19.h4 mit nur geringem Vorteil für Schwarz.} Qg1+ 20. Re1 Qxh2 {Für nichts hat Weiss einen Bauern in den Sand gesetzt.} 21. f5 {Noch der beste Versuch, um die weissen Figuren zum Leben zu erwecken.} exf5 22. Nxd5 Bd7 23. Bc4 Kg7 $2 {Auf einen Schlag wirft Schwarz seinen Vorteil weg. Dieser war mit 23...Le6 zu halten.} (23... Be6 $1 {mit der entscheidenden Drohung ...Tad8} 24. Rxe6 Qg1+ 25. Re1 Qd4+ 26. Kc1 Qxc4 $19 {und die weisse Stellung liegt endgültig in Trümmern.}) 24. Qe3 $1 $11 {Endlich findet der Mephisto Explorer Pro wieder einmal einen guten Zug. Nun steht es wieder ausgeglichen.} Raf8 25. Qc3+ Kh6 26. Kc1 $11 {[#]} g5 $2 $18 {[%mdl 32768] ***VERLUSTZUG Nr. 1*** für Schwarz. Nach diesem nicht offensichtlichen Fehler wendet sich das Blatt vollkommen zugunsten von Weiss.} (26... Re8 27. Rxe8 Bxe8 28. Qe3+ Kg7 29. Qc3+ Kf8 $4 (29... Kh6 30. Qe3+ Kg7 31. Qc3+ Kh6 32. Qe3+ {Remis 3x}) (29... Kg8 $2 30. b4 $1 Qg1+ 31. Kb2 Qd4 32. Nf6+ Kf8 (32... Kh8 33. Nxe8 $18) 33. Bxf7 $18) 30. Qh8# {Matt}) 27. Rd1 $6 {Nach dieser Ungenauigkeit steht Weiss nur noch leicht besser. Gewonnen hätte 27.b3, was Kb2 und die Verbindung der Türme herstellt.} ({Rems M-091024-avx2:} 27. b3 Qf2 28. Rd1 Be6 29. Kb2 Qc5 30. Nf4 gxf4 31. Rh1+ Kg6 32. gxf4 Qd4 33. Rag1+ Kf6 34. Rh6+ Ke7 35. Rxe6+ Kd8 36. Qxd4+ Nxd4 37. Rd6+ Rd7 38. Rxd7+ Kxd7 39. Rd1 Ke7 40. Rxd4 h5 41. Rd3 Rh8 42. Rh3 h4 43. Bd3 Ke6 44. Kc3 Kf6 45. Rh2 Rh5 46. Kd4 Ke6 47. Rg2 Kd6 48. Re2 b6 49. Rh2 Ke6 50. Ke3 Kd5 51. Rg2 Kc5 52. Rg5 Rh8 53. Rxf5+ Kb4 54. Kf2 h3 55. Kg1 {[%eval 521,44] [%wdl 1000,0,0]}) {[#]} 27... Be6 $2 {[%mdl 32768] ***VERLUSTZUG Nr. 2*** für Schwarz, der die ihm gebotene Rettungsschance mit 27...f4 nicht nutzt. Nun könnte Weiss mit der bereits erläuterten b2-b3 wieder den Sieg holen.} 28. Re1 $6 {Aber Weiss ahnt nichts von seinem Glück und gibt sich mit "steht klar besser" zufrieden.} {[#]} Nd8 $2 $18 {[%mdl 32768] Schwarz ***VERLUSTZUG Nr. 3*** gerät wieder in eine total verlorene Stellung.} (28... Bxd5 29. Bxd5 Qf2 30. Bxf7 Rxf7 $19 {ist die beste, aber auch nicht sehr attraktive Verteidigung.}) 29. Qf3 $2 {Statt Gewinn mit 29.b3 nur noch leichter weisser Vorteil nach dieser Ungenauigkeit.} g4 30. Qc3 $11 {[#]} a6 $2 $18 {[%mdl 32768] ***VERLUSTZUG Nr. 4*** von Schwarz: Damit geht es vom Ausgleich zum Verlust.} ({Rems M-091024-avx2:} 30... Rd7 31. Nf4 Bxc4 32. b3 Bd3 33. Nxd3 Qxg3 34. Rh1+ Kg5 35. Qd2+ Kf6 36. Qh6+ Kf7 37. Qg5 Rxd3 38. Qxf5+ Ke8 39. Qe4+ Kd7 40. cxd3 Rf2 41. Kd1 h5 42. Rc1 Nc6 43. Rc2 Rxc2 44. Kxc2 Qf2+ 45. Kd1 g3 46. Rxh5 g2 47. Qg4+ Kd6 48. Rg5 Qg1+ 49. Kd2 Qf2+ 50. Kc3 Qe1+ 51. Kb2 g1=Q 52. Qxg1 Qd2+ 53. Kb1 Qxd3+ 54. Kc1 Qc3+ 55. Kb1 {[%eval 0,57] [%wdl 9,982,9]}) 31. Bb3 $6 {Wesentlich stärker ist 31.b3 und Schwarz ist hilflos. Aber glücklicherweise gibt es auch nach dem Textzug keine wirkliche Rettung mehr Schwarz. Eine Variante von Rems M-091024-avx2 bestätigt dies:} (31. b3 b5 32. Kb2 $1 Qf2 (32... bxc4 33. Nf4 {und gegen Th1 ist kein Kraut gewachsen}) 33. Rf1 Bxd5 (33... Qg2 34. Nf4) 34. Rxf2 bxc4 35. Qd2+ Kg6 36. Qxd5 $4) 31... Rg8 ({Rems M-091024-avx2:} 31... f4 32. Nxf4 Rxf4 33. gxf4 Qxf4+ 34. Kb1 Qf6 35. Qd2+ Qf4 36. Qd1 Bf5 37. Rf1 Qg5 38. a3 Kg6 39. Ka2 Nc6 40. Qd6+ Qf6 41. Qh2 Nd4 42. Rh1 Kg7 43. Rad1 Nxb3 44. cxb3 Qg5 45. Qe5+ Qf6 46. Qc5 b6 47. Qc7+ Rf7 48. Qg3 Re7 49. Rh5 Re2 50. Qc7+ Re7 51. Qc1 Bg6 52. Rg5 Qf3 53. Rf1 Qe4 54. Qc3+ Kh6 55. Qf6 Re6 56. Rh1+ Qxh1 57. Rxg6+ hxg6 58. Qh8+ Kg5 59. Qxh1 Re5 60. b4 Rf5 61. Qg2 Rf3 62. a4 b5 63. a5 Rf4 64. Qd5+ Kh4 65. Qd2 Rf5 66. Qh6+ Rh5 67. Qxg6 {[%eval 278,53] [%wdl 1000,0,0]}) 32. Ne7 {Ein sinnloses Manöver.} Rgf8 {[#]} 33. Qe3+ $2 {[%mdl 2] ***VERLUSTZUG Nr. 3" von Weiss.} f4 ({Rems M-091024-avx2:} 33... f4 34. gxf4 Rxe7 35. f5+ Kh5 36. fxe6 Qf4 37. Kd2 Qxe3+ 38. Rxe3 Nc6 39. Bd5 Kg5 40. c4 h5 41. Kc3 a5 42. a3 a4 43. b3 axb3 44. Kxb3 h4 45. a4 Rf4 46. Kc3 h3 47. a5 Nd4 48. Rb1 h2 49. Ree1 Nf3 50. Rxb7 Rxb7 51. Bxb7 Nxe1 52. e7 Rf3+ 53. Bxf3 Nxf3 54. e8=Q h1=Q 55. Qe7+ Kf4 56. Qf6+ Kg3 57. Kb4 Qe1+ 58. Kb5 Qe8+ 59. Kb4 Ne5 60. Qd6 Kh3 61. Qh6+ Kg2 62. Qd2+ Kf3 63. a6 g3 64. Qd5+ Kf4 65. Qd2+ Kf5 66. Qc2+ Kf6 67. Qd2 Qg8 68. Qd4 Kf5 69. Kc3 Qa8 70. a7 Qf3+ 71. Kb2 Qc6 72. Kb1 g2 73. Qf2+ Ke6 74. Qe3 Qf3 75. Qh6+ Kd7 {[%eval -149,57] [%wdl 0,90,910]}) 34. gxf4 Bxb3 $2 $11 {Macht den weissen schon fast entscheidenden Fehler 33.De3+ wieder zunichte und gibt dem Gegner wieder Vorteil.} 35. f5+ {[#]} Kg7 $2 $18 {[%mdl 32768] ***VERLUSTZUG Nr. 5*** für Schwarz; der König musste nach h5 ausweichen. Und dieses Mal lässt der Mephisto Explorer nichts mehr anbrennen.} 36. Qd4+ Kh6 37. axb3 Qh4 38. Kd2 {Endlich sind die weissen Türme verbunden, was angesichts der schwachen Königsstellung von Schwarz dem Weissen den Gewinn sichert.} Qh2+ 39. Re2 Qh4 40. Rg2 Ne6 41. Qxg4 Rd8+ 42. Ke3 Qxg4 43. Rxg4 {Nun droht Th1 Matt, was nur mit einem Springerzug nach f4, g5 oder g7 behoben werden kann.} Ng5 44. f6 $1 {Deckt den Se7, aber noch viel wichtiger, nimmt dem König das Feld g7 sowie das Feld f6, sofern ...Txf6 folgt. Somit droht nun wiederum Th1 nebst Matt.} Kh5 (44... Rxf6 45. Rh1+ Kg7 46. Rxg5+ {und gewinnt}) 45. Rg2 Rxe7+ {Verzögert etwas das Ende.} (45... Kh4 46. Rh1+ Nh3 47. Nf5+ Kh5 48. Rxh3#) 46. fxe7 Re8 47. Kf4 Nh3+ 48. Kf5 Rxe7 49. Rg5+ {Eine nette Pointe.} Kh6 (49... Nxg5 50. Rh1+ Nh3 51. Rxh3#) 50. Rg3 Rf7+ 51. Ke6 {Jetzt hängen zwei Figuren.} Ng5+ 52. Rxg5 Kxg5 {***AUFGEGEBEN***} 1-0

[Event "Match 79__120'/40"]
[Site "Zürich"]
[Date "2024.??.??"]
[Round "2"]
[White "Mephisto Polgar sel. 5"]
[Black "Mephisto Explorer Pro"]
[Result "1-0"]
[WhiteElo "1981"]
[BlackElo "2013"]
[Annotator "Utzinger,K"]
[PlyCount "110"]
[EventDate "2024.10.21"]
[EventType "match"]
[SourceVersionDate "2024.10.21"]

{[%evp 0,110,19,29,44,11,27,-2,11,10,56,57,43,34,44,29,22,32,26,24,30,24,23,23,27,17,27,5,28,-6,-6,-12,16,20,2,-8,16,2,44,-31,-17,-15,-13,-23,-24,-23,31,0,33,0,-1,1,1,0,0,-6,5,9,22,5,7,14,95,98,139,172,179,169,236,312,375,373,365,365,443,439,453,453,470,451,485,486,600,592,595,597,599,607,604,607,616,614,619,627,633,646,670,682,683,723,777,811,898,893,996,1006,1172,1224,1239,1391,29963,29986,29987]} 1. e4 e5 {Match 120'/40 | Bediener: Rolf Bühler | 2. Partie: Weiss (Polgar) gewinnt | Zwischenstand: 1-1 (je 50%) / hypothetisch: 2-0 (100%) für Mephisto Polgar | Eröffnung: Spanisch, Steinitz Verteidigung | Eine unscheinbare und ruhige Partie mit beidseits kleinen Ungenauigkeiten. Der wirklich einzige Fehler 30...Se4? des Mephisto Explorer Pro bringt jedoch die Entscheidung zugunsten von Weiss. Der Mephisto Polgar kann auf d7 einen Freibauern etablieren und auf b7 einen Bauern erobern. In der Folge muss Schwarz aber unter Zwang auch noch die Qualität hergeben. Das verbundene Freibauernpaar von Weiss auf der c- und d-Linie ist derart stark, dass Schwarz gar noch einen Springer opfern muss und so hilflos untergeht.} 2. Nf3 Nc6 3. Bb5 Nf6 4. O-O {***ENDE BUCH*** Bewertung Rems M-091024: = (0.13) (52%) (+6% =92% -2%)} d6 5. d4 Bd7 6. d5 Nb8 {***ENDE BUCH*** Bewertung Rems M-091024: +/= (0.51) (58%) (+17% =82% -1%)} 7. Bxd7+ Nbxd7 8. Nc3 {Wenn Weiss auf etwas Eröffnungsvorteil spielen will, dann muss er zu 8.De2 oder 8.Te1 greifen und anschliessend c2-c4 wählen, bevor Sc3 folgt.} (8. Re1 a5 9. c4 Be7 10. Nc3 Nc5 11. Qc2 O-O 12. b3 c6 13. Be3 cxd5 14. exd5 Na6 15. a3 Nd7 16. Nb5 f5 17. Bd2 Rc8 18. Rad1 Nac5 19. b4 axb4 20. axb4 Ne4 21. Bc1 Kh8 22. Bb2 Qe8 23. Qe2 Bd8 24. Nd2 Ndf6 25. Nxe4 Nxe4 26. c5 dxc5 27. d6 Qg6 28. d7 Rc6 29. Bxe5 cxb4 30. Qb2 Nc3 31. Qxb4 {1-0 (31) Rozentalis,E (2611)-Jacobsen,B (2306) Stockholm 2009}) 8... Be7 9. Be3 {Nach der folgenden Antwort muss der Läufer wieder zurück. Meine beste Engine plädiert deshalb für folgende Variante mit leichtem Vorteil:} (9. Nd2 Nb6 10. Ne2 O-O 11. c4 g6 12. Qc2 Nbd7 13. h3 $14) 9... Ng4 {Aber auch dieser Springer muss bald wieder zurück.} 10. Bd2 O-O 11. h3 Ngf6 12. Be3 c6 $11 13. Qd3 Nb6 14. a3 {Einen Zug, den ich nicht verstehe: Wenn schon, dann schon 14.a4 usw.} cxd5 15. exd5 Rc8 {Möchte gerne den Springer auf c4 einnisten.} 16. Nd2 {Verhindert den gegnerischen Plan.} Nfd7 {Wirkungsvoller sieht 16...Sh5 aus.} (16... Nh5 17. Qe2 g6 18. a4 a6 19. a5 Nd7 20. Ra4 f5 $11) 17. f4 $6 {Das ist etwas verfrüht. Aber diese Stellung ist für unsere Oldies zu kompliziert, um mit den notwendigen Feinheiten umzugehen.} ({MagicKnight-avx2:} 17. a4 a6 18. a5 Na8 19. f4 f5 20. Ne2 $16 {+/- (1.15) (82%)}) 17... Re8 $6 {Richtig ist 17...f5 mit Ausgleich.} 18. Rac1 {Alternativen wie 18.f5 oder 18.a4 müssten näher untersucht werden. Beide gefallen mir besser.} Bf6 19. Nde4 exf4 20. Nxf6+ Nxf6 21. Bxf4 Nc4 $11 {Es steht wieder ausgeglichen.} 22. Qd4 Qb6 23. Qxb6 axb6 {Auch das Schlagen mit dem Springer war möglich.} (23... Nxb6 $2 24. Nb5 Re2 25. Nd4 Ree8 26. Bxd6 Nbxd5 $11) 24. Rf3 Nxb2 25. Bxd6 Nc4 26. Bb4 Ra8 27. a4 Ne3 28. d6 Ned5 29. Rb1 Nxc3 30. Bxc3 {[#]} Ne4 $2 $18 {[%mdl 2] ***VERLUSTZUG*** von Schwarz. Offenbar hat das holländische Programm von Frans Morsch den weiteren Verlauf der Partie völlig falsch eingeschätzt. Nach dem richtigen 30...Sd7 wäre gar nichts passiert.} ({MagicKnight-avx2:} 30... Nd7 31. a5 f6 32. axb6 Rac8 33. Re1 Rxe1+ 34. Bxe1 Kf7 35. Bg3 Ke6 36. Re3+ Ne5 37. Bxe5 fxe5 38. Rd3 Rd8 39. Kf2 Rxd6 40. Rxd6+ Kxd6 41. Ke3 Kc6 42. Ke4 Kxb6 43. Kxe5 Kc5 44. h4 Kc4 45. h5 Kc3 46. Ke6 Kxc2 47. Kf7 Kb3 48. Kxg7 {[%eval 0,52] [%wdl 3,994,3]}) 31. Rxb6 Rxa4 32. d7 Rd8 33. Rxb7 {[#] Weiss hat einen Bauern mehr, aber was für einen Starken auf der 7. Reihe. Der schwarze Turm ist an d8 gebunden. Und da Weiss den dunkelfarbigen Läufer hat und das Feld d8 beherrscht, wird er auf d8 die Qualität erobern können.} Ra2 (33... Nxc3 {Leider bringt dieser Tausch wegen der aktiven gegnerischen Figuren dem Schwarzen keine Entlastung.} 34. Rxc3 Raa8 35. Rd3 f5 36. c4 Ra5 37. Rc7 Raa8 38. c5 Kf8 39. c6 Ke7 40. Rb7 $18) 34. Bb4 Ra1+ 35. Rf1 Raa8 36. Be7 f6 37. Rf4 Ng5 38. Bxd8 Rxd8 {Weiss hat die Qualität plus Mehrbauer und zwei verbundene Bauern auf der d- und c-Linie, die absolut tödlich sind. Der Rest ist selbst für den Mephisto Polgar ein Kinderspiel.} 39. c4 Ne6 40. Rf5 Nf8 41. Rd5 Ng6 42. c5 Ne7 43. Rd6 Kf7 44. c6 {Es droht vernichtend c6-c7.} Nxc6 {Alles andere verliert noch schneller.} 45. Rxc6 Ke7 46. Rcc7 f5 47. Kf2 g6 48. Ke3 g5 49. Kd4 Kd6 50. Rc5 {Eine zu durchsichtige Falle, auf die Schwarz nicht hereinfällt.} h6 (50... Rxd7 $4 51. Rd5+ Ke7 52. Rdxd7+) 51. Ra7 f4 52. Re5 {Droht Te8.} f3 53. gxf3 h5 54. Rxg5 h4 55. Re5 Rf8 {***AUFGEGEBEN***} 1-0